Olympics medal table - Paris 1900 - Statistics

General Stats
  • This quiz has been taken 18 times
  • The average score is 9 of 12
Answer Stats
Gold Silver Bronze Total Nation % Correct
19 14 14 47 United States
100%
4 2 2 8 Germany
94%
3 2 0 5 Italy
94%
26 41 34 101 France
88%
5 5 5 15 Belgium
82%
15 6 9 30 Great Britain
82%
1 2 2 5 Hungary
76%
0 3 3 6 Austria
71%
6 2 1 9 Switzerland
71%
2 0 3 5 Australia
65%
1 3 2 6 Denmark
59%
6 3 3 12 Mixed team
41%
No matching quizzes found
Score Distribution
Percent of People with Each Score
Percentile by Number Answered
Your Score History
You have not taken this quiz